00639 2200217 4500001002100000005001700021008004100038020002200079035002400101041000800125043001300133082001000146090001700156100002000173245007900193260004200272300004000314650002800354850001200382990002700394YOGYA-1011000000027920111016175100.0 ind  a978-979-27-9581-3 0010-101100000000278 aInd aYOPD DIY a005.3 a005.3bHud A aHUDA, Miftakhul aAplikasi inventory multi store plus management dengan javacMiftakhul Huda aJakartabElex Media Komputindoc2011. axiv, 520 hlmbilusc21 cm. [ 3 eks] aJava (Program komputer) aYOPDYOG a266 - 268 - PD/B.11b3